[Event "Pan American-ch U16 Girls"]
[Site "Cali"]
[Date "2015.07.02"]
[Round "8"]
[White "Cosme Contreras, Trilce"]
[Black "Pincay Coloma, Daniela Estefan"]
[Result "1-0"]
[WhiteElo "1758"]
[BlackElo "1598"]
[PlyCount "37"]
[EventDate "2015.06.28"]
[EventType "swiss"]
[EventRounds "9"]
[EventCountry "COL"]
[SourceTitle "EXT 2016"]
[Source "ChessBase"]
[SourceDate "2015.10.08"]
[SourceVersion "1"]
[SourceVersionDate "2015.10.08"]
[SourceQuality "1"]

1. c4 g6 2. Nc3 Bg7 3. g3 Nf6 4. Bg2 d6 5. d3 Nbd7 6. e4 0-0 7. Nge2 e5 8. 0-0 Ne8 9. Be3 c6 10. Qd2 f5 11. d4 Nc7 12. Rad1 Qe7 13. f4 Nb6 14. b3 Be6 15. fxe5 fxe4 16. exd6 Qxd6 17. c5 Qe7 18. cxb6 axb6 19. Nxe4 1-0

[Event "Pan American-ch U16 Girls"]
[Site "Cali"]
[Date "2015.06.29"]
[Round "2"]
[White "Fernandez Bustamante, Leancy B"]
[Black "Pincay Coloma, Daniela Estefan"]
[Result "0-1"]
[WhiteElo "1914"]
[BlackElo "1598"]
[PlyCount "114"]
[EventDate "2015.06.28"]
[EventType "swiss"]
[EventRounds "9"]
[EventCountry "COL"]
[SourceTitle "EXT 2016"]
[Source "ChessBase"]
[SourceDate "2015.10.08"]
[SourceVersion "1"]
[SourceVersionDate "2015.10.08"]
[SourceQuality "1"]

1. e4 e6 2. Nf3 d5 3. Nc3 Be7 4. d4 dxe4 5. Nxe4 Nf6 6. Bd3 Bd7 7. 0-0 Bc6 8. Re1 Nbd7 9. Ned2 0-0 10. b3 Bxf3 11. Qxf3 c6 12. Bb2 Qc7 13. c4 h6 14. Nf1 Qa5 15. Bc3 Bb4 16. Bxb4 Qxb4 17. Ne3 Rad8 18. Rad1 Qa5 19. Re2 Qg5 20. Bb1 Nb6 21. Nf1 Qg4 22. Qe3 Rd7 23. h3 Qg5 24. Qc3 Nh7 25. Re5 Qe7 26. Qc2 Nf6 27. Ne3 Rfd8 28. f4 Rc7 29. f5 Nbd7 30. Ra5 b6 31. Ra4 Nf8 32. Kh1 e5 33. dxe5 Rxd1+ 34. Nxd1 Qxe5 35. Nf2 Rd7 36. c5 Qe1+ 37. Kh2 Rd2 38. Nd3 Qe2 39. Nf4 Qe3 40. Re4 Nxe4 41. Qxe4 Qxc5 42. Bd3 Qd6 43. Qe3 Rxd3 44. Qxd3 Qxf4+ 45. Kh1 Qc1+ 46. Kh2 Qf4+ 47. Kg1 c5 48. Kh1 Qd4 49. Qa6 Qd7 50. Kh2 Nh7 51. Qf1 Nf6 52. Qf4 Nd5 53. Qf3 Qd6+ 54. Kh1 Qe5 55. a4 Ne3 56. Qc6 Kh7 57. Qf3 Qa1+ 0-1

[Event "Pan American-ch U16 Girls"]
[Site "Oaxtepec"]
[Date "2014.07.11"]
[Round "1"]
[White "Fuentes Godoy, Lilia Ivonne"]
[Black "Pincay Coloma, Daniela Estefan"]
[Result "1-0"]
[WhiteElo "1938"]
[BlackElo "1494"]
[PlyCount "65"]
[EventDate "2014.07.11"]
[EventType "swiss"]
[EventRounds "9"]
[EventCountry "MEX"]
[SourceTitle "EXT 2022"]
[Source "ChessBase"]
[SourceDate "2021.10.06"]
[SourceVersion "1"]
[SourceVersionDate "2021.10.06"]
[SourceQuality "1"]

1. d4 Nf6 2. c4 g6 3. Nc3 Bg7 4. e4 d6 5. Nf3 0-0 6. Be2 Nc6 7. 0-0 e5 8. d5 Ne7 9. b4 Ne8 10. c5 f5 11. Nd2 f4 12. Bg4 Nf6 13. Bxc8 Qxc8 14. f3 g5 15. Ba3 Ng6 16. Rc1 Qd7 17. Qa4 Qxa4 18. Nxa4 Rf7 19. cxd6 cxd6 20. b5 Bf8 21. Rc2 Rd7 22. Rfc1 Ne8 23. Nb3 Kf7 24. Na5 Ke7 25. Bb4 Kd8 26. b6 a6 27. Nc6+ bxc6 28. dxc6 Rf7 29. Ba5 Rb8 30. c7+ Kc8 31. cxb8Q+ Kxb8 32. Rc8+ Kb7 33. Rxe8 1-0

[Event "Wch U14 Girls"]
[Site "Al Ain"]
[Date "2013.12.26"]
[Round "9"]
[White "Cimpean, Andra"]
[Black "Pincay Coloma, Daniela Estefan"]
[Result "1-0"]
[WhiteElo "1657"]
[BlackElo "1491"]
[PlyCount "105"]
[EventDate "2013.12.18"]
[EventType "swiss"]
[EventRounds "11"]
[EventCountry "UAE"]
[SourceTitle "CBM 158 Extra"]
[Source "ChessBase"]
[SourceDate "2014.02.28"]
[SourceVersion "1"]
[SourceVersionDate "2014.02.28"]
[SourceQuality "1"]

1. e4 e6 2. d4 d5 3. Nd2 dxe4 4. Nxe4 Be7 5. Bd3 Nf6 6. Nf3 Nbd7 7. 0-0 0-0 8. c3 c5 9. Be3 Qc7 10. Nxf6+ Bxf6 11. Qc2 g6 12. Bh6 Rd8 13. Qe2 b6 14. Rfe1 Bb7 15. Ng5 Nf8 16. dxc5 Qxc5 17. Ne4 Qe7 18. Qe3 Rac8 19. Nxf6+ Qxf6 20. Bg5 Rxd3 21. Bxf6 Rxe3 22. Rxe3 Nd7 23. Bd4 Ba6 24. Rd1 Re8 25. Rde1 Rc8 26. Rh3 Nc5 27. Bxc5 Rxc5 28. Rd1 b5 29. Rd8+ Kg7 30. Rd7 b4 31. f4 Rc4 32. Rxa7 bxc3 33. Rxc3 Rxc3 34. bxc3 Bc4 35. a4 Kf6 36. Rc7 Ba6 37. c4 e5 38. fxe5+ Kxe5 39. c5 Bc4 40. a5 Kd5 41. Rxf7 Kxc5 42. Rc7+ Kb5 43. Rxc4 Kxc4 44. a6 Kc3 45. a7 Kb2 46. a8Q Kb1 47. Qc6 Ka1 48. Qb5 Ka2 49. Kf2 Ka1 50. Ke2 Ka2 51. Kd2 Ka1 52. Kc2 Ka2 53. Qb2# 1-0

[Event "Wch U14 Girls"]
[Site "Al Ain"]
[Date "2013.12.23"]
[Round "7"]
[White "Vargas, Crystel"]
[Black "Pincay Coloma, Daniela Estefan"]
[Result "1/2-1/2"]
[WhiteElo "1512"]
[BlackElo "1491"]
[PlyCount "137"]
[EventDate "2013.12.18"]
[EventType "swiss"]
[EventRounds "11"]
[EventCountry "UAE"]
[SourceTitle "CBM 158 Extra"]
[Source "ChessBase"]
[SourceDate "2014.02.28"]
[SourceVersion "1"]
[SourceVersionDate "2014.02.28"]
[SourceQuality "1"]

1. d4 Nf6 2. Nf3 d6 3. Bf4 g6 4. e3 Bg7 5. Be2 0-0 6. h3 Nbd7 7. 0-0 c5 8. c3 b6 9. Nbd2 Bb7 10. Rc1 Re8 11. Bh2 Qc7 12. a3 Rac8 13. Qb3 a6 14. Ng5 e6 15. Bf3 Bxf3 16. Ngxf3 Qc6 17. Rfe1 e5 18. dxe5 dxe5 19. Red1 e4 20. Ne1 c4 21. Qa2 b5 22. Nf1 Bf8 23. Nc2 Nc5 24. Nd4 Qb6 25. Rd2 Rcd8 26. Rcd1 Bd6 27. Bxd6 Rxd6 28. Ng3 h5 29. Nge2 Nfd7 30. Qb1 Ne5 31. Nc2 Ned3 32. Ned4 g5 33. Rf1 Rg6 34. Nb4 a5 35. Nxd3 exd3 36. Qe1 b4 37. cxb4 axb4 38. Qc1 bxa3 39. Qxc4 axb2 40. Rb1 Rc8 41. Rdxb2 Qa6 42. Rc1 Qxc4 43. Rxc4 Rc7 44. Rd2 Ne4 45. Rxc7 Nxd2 46. Rc3 Rb6 47. Rxd3 Rb1+ 48. Kh2 Nf1+ 49. Kg1 Nxe3+ 50. Kh2 Nf1+ 51. Kg1 h4 52. f3 Ng3+ 53. Kf2 Rb2+ 54. Kg1 Ne2+ 55. Nxe2 Rxe2 56. Kf1 Re5 57. Kf2 Kg7 58. Rd4 f5 59. Rd6 Kf7 60. Ra6 Re6 61. Ra5 Kf6 62. Rd5 Re5 63. Rd6+ Re6 64. Rd5 Ra6 65. Rd2 Kg6 66. Rb2 Rf6 67. Rb4 Kh5 68. Kg1 Ra6 69. Rb5 1/2-1/2

[Event "Wch U14 Girls"]
[Site "Al Ain"]
[Date "2013.12.19"]
[Round "2"]
[White "Pincay Coloma, Daniela Estefan"]
[Black "Jiang, Zhaoyi"]
[Result "0-1"]
[WhiteElo "1491"]
[BlackElo "1874"]
[PlyCount "92"]
[EventDate "2013.12.18"]
[EventType "swiss"]
[EventRounds "11"]
[EventCountry "UAE"]
[SourceTitle "CBM 158 Extra"]
[Source "ChessBase"]
[SourceDate "2014.02.28"]
[SourceVersion "1"]
[SourceVersionDate "2014.02.28"]
[SourceQuality "1"]

1. Nf3 Nf6 2. g3 g6 3. Bg2 Bg7 4. c4 d5 5. cxd5 Nxd5 6. 0-0 Nc6 7. Nc3 Nb6 8. Qc2 e5 9. a3 0-0 10. Rb1 a5 11. b3 f5 12. d3 Qe7 13. Bb2 Be6 14. e3 Rad8 15. Rfd1 Rd6 16. Ne2 Rfd8 17. d4 exd4 18. Nexd4 Nxd4 19. Nxd4 Bd5 20. Nb5 R6d7 21. Bxd5+ Nxd5 22. a4 c6 23. Nc3 Qc5 24. Rdc1 Nb4 25. Qe2 Nd3 26. Ba1 Nxc1 27. Rxc1 Rd3 28. Na2 Qa3 29. Bxg7 Kxg7 30. Rc2 Qxb3 31. Nc1 Rd1+ 32. Kg2 Qd5+ 33. Kh3 Rd6 34. f4 Qe6 35. Rb2 Qe7 36. Qc4 Rd7 37. Nb3 Qxe3 38. Nc5 Re7 39. Nxb7 Qf3 40. Nxa5 Rde1 41. Nxc6 Qg4+ 42. Kg2 R7e2+ 43. Rxe2 Rxe2+ 44. Kg1 Qf3 45. Qd4+ Kh6 46. Ne5 Qg2# 0-1